UM Logo

National framework for youth development: (Record no. 2281)

MARC details
000 -LEADER
fixed length control field 00497nam a22001217a 4500
008 - FIXED-LENGTH DATA ELEMENTS--GENERAL INFORMATION
fixed length control field 160504b xxu||||| |||| 00| 0 eng d
082 ## - DEWEY DECIMAL CLASSIFICATION NUMBER
Edition number 2005
Classification number DFil 362.73
Item number M11n
245 ## - TITLE STATEMENT
Title National framework for youth development:
Remainder of title (Philippine medium-term youth development plan)/
Statement of responsibility, etc. edited by Editha V. Maslang [and 6 others].
260 ## - PUBLICATION, DISTRIBUTION, ETC. (IMPRINT)
Place of publication, distribution, etc. Manila:
Name of publisher, distributor, etc. Office of the Communication Director, Office of the President,
Date of publication, distribution, etc. c2005.
300 ## - PHYSICAL DESCRIPTION
Extent 102 pages;
Dimensions 28 cm.
650 #0 - SUBJECT ADDED ENTRY--TOPICAL TERM
9 (RLIN) 7478
Topical term or geographic name as entry element Youth development.
942 ## - ADDED ENTRY ELEMENTS (KOHA)
Source of classification or shelving scheme Dewey Decimal Classification
Koha item type Filipiniana
Holdings
Withdrawn status Lost status Source of classification or shelving scheme Damaged status Not for loan Collection code Home library Current library Date acquired Source of acquisition Total Checkouts Full call number Barcode Date last seen Price effective from Koha item type
    Dewey Decimal Classification     Filipiniana UM Digos College - LIC UM Digos College - LIC 05/15/2006 Donation   DFil 362.73 M11n 2005 18563 05/15/2025 05/04/2016 Filipiniana